000 01064nam a22003137a 4500
003 CHAP
005 20220817042059.0
008 971013c19721970nyu r 00010 eng d
010 _a33933
011 _a34905
035 _a39021
040 _cCHAP
082 0 4 _a001.535
_bM4
100 0 0 _aMende, J. M.
_974560
245 1 0 _aAdaptive, learning and pattern recognition systems :
_btheory and applications
_c/por J. M. Mende y King Sun Fu
260 _aNew York :
_bAcademic Press,
_c1972 [c.1970]
300 _a444 p.
490 0 _aMathematics in science and engineering
_v; 66
590 _aBATCH-UPD
_b10
_c20130110
_lUCH01
_h1557
590 _aBATCH-UPD
_b10
_c20130410
_lUCH01
_h0954
590 _aBATCH-UPD
_b10
_c20130914
_lUCH01
_h1638
590 _aCONVERSION
_b10
_c20130109
_lUCH01
_h1319
650 1 4 _aInformación
_xTeoría de la.
_958078
700 0 _aFu, King Sun.
_943787
830 0 _aMathematics in science and engineering
_v; 66
901 _aBK
942 _cLIBRO
949 _a001.535 M4
_bBC
_cLIBRO
_d33724000225876
_eLIBRO
_h35205
_i39021
_si
_t464.00
999 _c33933
_d33933